000 01040cam a2200313 a 4500
001 000014049
003 DO-SdBNP
005 20250529105119.0
008 750304s1973 sp a 001 0 spa d
020 _a8422940132
035 _a(OCoLC)1199718
040 _aDO-SdBNP
_cMBU
_dDLC
049 _aBNGR
082 _a323.32
_bN964
245 0 4 _aLas Nuevas clases medias :
_bconflicto y conciencia de clase entre los empleados de banca /
_cJosé Félix Tezanos [et al].
260 _aMadrid :
_bCuadernos Para el Diálogo,
_aEDICUSA,
_c1973.
300 _a357 p. :
_bil. ;
_c22 cm.
490 1 _aI. T. S.
504 _aIncluye referencias bibliográficas.
650 0 _aClase media
_zEspaña
_92589
650 4 _aEmpleados bancarios
_zEspaña.
_931824
700 1 _aTezanos, José Félix,
_d1946-
_931825
700 1 _aLópez Aparicio, Jesús
_931826
700 1 _aRodríguez, José Luis
_931827
700 1 _aDomínguez, Rafael
_931828
830 0 _aI. T. S. ;
_931829
910 _aCatalogación por copia / LC
942 _2ddc
_cLBS1
999 _c13651
_d13651